<?xml version="1.0" encoding="UTF-8"?>
<collection xmlns="http://www.loc.gov/MARC21/slim">
 <record>
  <leader>01732nam a2200205Ia 4500</leader>
  <controlfield tag="001">CTU_135476</controlfield>
  <controlfield tag="008">210402s9999    xx            000 0 und d</controlfield>
  <datafield tag="020" ind1=" " ind2=" ">
   <subfield code="c">40000</subfield>
  </datafield>
  <datafield tag="082" ind1=" " ind2=" ">
   <subfield code="a">363.7</subfield>
  </datafield>
  <datafield tag="082" ind1=" " ind2=" ">
   <subfield code="b">H455</subfield>
  </datafield>
  <datafield tag="100" ind1=" " ind2=" ">
   <subfield code="a">Lê, Xuân Hồng</subfield>
  </datafield>
  <datafield tag="245" ind1=" " ind2="0">
   <subfield code="a">Cơ sở đánh giá tác động môi trường</subfield>
  </datafield>
  <datafield tag="245" ind1=" " ind2="0">
   <subfield code="c">Lê Xuân Hồng</subfield>
  </datafield>
  <datafield tag="260" ind1=" " ind2=" ">
   <subfield code="a">Hà Nội</subfield>
  </datafield>
  <datafield tag="260" ind1=" " ind2=" ">
   <subfield code="b">Thống kê</subfield>
  </datafield>
  <datafield tag="260" ind1=" " ind2=" ">
   <subfield code="c">2006</subfield>
  </datafield>
  <datafield tag="520" ind1=" " ind2=" ">
   <subfield code="a">Phần I. Những vấn đề chung đánh giá tác động môi trường - Chương I. Những khái niệm cơ bản về tài nguyên và môi trường - Chương II. Lịch sử phát triển và các yêu cầu ĐTM - Chương III. Các hoạt động phát triển của các ngành kinh tế - xã hội gây ô nhiễm và suy thoái môi trường - Chương IV. Tiến trình và nội dung của đánh giá tác động môi trường -  Chương V. Các phương pháp kỹ thuật sử dụng trong ĐTM và quản lý môi trường (QLMT) Phần II: Hướng dẫn đánh giá tác động môi trường đối với các dự án phát triển kinh tế - xã hội cụ thể -  Chương VI: ĐTM đối với các dự án phát triển xây dựng công trình -  Chương VII: ĐTM đô thị và công nghiệp -  Chương VIII: Đánh giá hiện trạng môi trường khu vực lãnh thổ</subfield>
  </datafield>
  <datafield tag="650" ind1=" " ind2=" ">
   <subfield code="a">Environmental protection,Noise pollution,Soil pollution,Water - pollution,Marine pollution</subfield>
  </datafield>
  <datafield tag="904" ind1=" " ind2=" ">
   <subfield code="i">Duy Bằng</subfield>
  </datafield>
  <datafield tag="980" ind1=" " ind2=" ">
   <subfield code="a">Trung tâm Học liệu Trường Đại học Cần Thơ</subfield>
  </datafield>
 </record>
</collection>
